LEADER 01384nam a2200289 4500 001 000000341981 003 CaOOAMICUS 005 20201007102813.0 008 200910s2020 it 000 u ita r 020 $a978-88-922214-2-0 040 $aSeMil$bita 100 1 $aMoia, Luciano,$d<1958- >.$0(OLS)http://semarc/name/21964 245 10$aChiesa e omosessualitą :$bun'inchiesta alla luce del magistero di papa Francesco /$cLuciano Moia ; [con prefazione del card. Matteo Zuppi]. 264 1$aCinisello Balsamo :$bSan Paolo,$c2020. 300 $a206 p. ;$c21 cm 541 0 $aFondo mons. Mario Delpini 650 4$aFrancesco I - Etica e morale.$0(OLS)http://semarc/subject/45269 650 4$aChiesa - Omosessualitą.$0(OLS)http://semarc/subject/49051 700 1 $aZuppi, Matteo Maria,$c.$0(OLS)http://semarc/name/108279 830 0$aAttualitą e storia.$0(OLS)http://semarc/title/5888 850 $aSeMil 852 $aSeMil$W1$xVenegono$y1$m2E II 522$j222749$B233013$CSeMilBibl$Z2$F233013 $81 941 1 $a7 996 $6020$a978-88-922214-2-0$9(OLS)http://semarc/number/291192 996 $6245$aChiesa e omosessualitą :$bun'inchiesta alla luce del magistero di papa Francesco$9(OLS)http://semarc/title/430871 996 $6264$aCinisello Balsamo :$bSan Paolo$9(OLS)http://semarc/publisher/30129 LEADER 00959nam a2200241 i 4500 001 000000190095 003 CaOOAMICUS 005 20100528000000.0 008 100528s1982 it u000 u ita u 013 $a168448 040 $aSeMil$bita 100 1 $aGennaro, Clara.$0(OLS)http://semarc/name/54695 245 10$aFrancesco d'Assisi /$cClara Gennaro. 260 $aBrescia :$bQueriniana,$ccopyr. 1982. 300 $a220 p. ;$c22 cm. 490 0 $aDipartimento di scienze religiose ;$v17 500 $aContiene : Bibliografia. 600 04$aFrancesco : d'Assisi .$0(OLS)http://semarc/subject/1416 830 0$aDipartimento di scienze religiose ;$v17.$0(OLS)http://semarc/title/6145 850 $aSeMil 852 $aSeMil$W1$xVenegono$y1$m3H II 274$j140724$B140724$CSeMilBibl$Z2$F152295 $81 996 $6245$aFrancesco d'Assisi$9(OLS)http://semarc/title/49827 996 $6260$aBrescia :$bQueriniana$9(OLS)http://semarc/publisher/29615